00413nam a2200157Ia 45000010006000000050017000060080041000230410008000640820017000721000031000892450082001202600009002023000028002116500008002396540008002471121420260306161929.0260306t2016||||xx |||||||||||||| ||spa|| aESP a985.019bH97 aHusson, Jean-PhilippeeAUT 0aLa memoria del mundo inca:bGuaman Poma y la escritura de la Nueva corónica c2016 a367 páginas :c24 cm. aGEN aCHU